[Event "WYCC Open U16"]
[Site "Porto Carras"]
[Date "2015.10.29"]
[Round "5.17"]
[White "Vogel, Roven"]
[Black "Nie, Xinyang"]
[Result "1/2-1/2"]
[BlackElo "2128"]
[WhiteElo "2417"]
[LiveChessVersion "1.4.6"]

1. d4 {[%clk 1:30:56]} d5 {[%clk 1:30:56]} 2. c4 {[%clk 1:31:15]} e6
{[%clk 1:31:23]} 3. Nf3 {[%clk 1:30:37]} Nf6 {[%clk 1:30:51]} 4. g3
{[%clk 1:30:04]} dxc4 {[%clk 1:30:16]} 5. Bg2 {[%clk 1:27:37]} c5
{[%clk 1:28:08]} 6. O-O {[%clk 1:26:21]} Nc6 {[%clk 1:27:02]} 7. Qa4
{[%clk 1:26:33]} Bd7 {[%clk 1:25:56]} 8. Qxc4 {[%clk 1:19:46]} cxd4
{[%clk 1:21:57]} 9. Nxd4 {[%clk 1:17:38]} Rc8 {[%clk 1:22:22]} 10. Nc3
{[%clk 1:16:53]} Nxd4 {[%clk 1:18:27]} 11. Qxd4 {[%clk 1:16:41]} Bc5
{[%clk 1:18:54]} 12. Qf4 {[%clk 1:04:16]} Bc6 {[%clk 1:19:06]} 13. Rd1
{[%clk 1:03:28]} Qe7 {[%clk 0:48:40]} 14. Bxc6+ {[%clk 1:03:18]} bxc6
{[%clk 0:49:08]} 15. Qc4 {[%clk 1:01:52]} Bb6 {[%clk 0:43:36]} 16. Bg5
{[%clk 0:57:54]} Qc5 {[%clk 0:43:23]} 17. Qxc5 {[%clk 0:56:39]} Bxc5
{[%clk 0:43:49]} 18. Bxf6 {[%clk 0:55:48]} gxf6 {[%clk 0:44:18]} 19. Ne4
{[%clk 0:52:39]} Be7 {[%clk 0:44:47]} 20. Rac1 {[%clk 0:52:17]} Rc7
{[%clk 0:45:12]} 21. Nd6+ {[%clk 0:46:18]} Bxd6 {[%clk 0:45:40]} 22. Rxd6
{[%clk 0:46:42]} c5 {[%clk 0:46:07]} 23. b4 {[%clk 0:47:00]} Ke7 {[%clk 0:46:34]}
24. bxc5 {[%clk 0:46:59]} Rb8 {[%clk 0:44:41]} 25. Ra6 {[%clk 0:42:00]} Rb5
{[%clk 0:45:06]} 26. Kg2 {[%clk 0:40:13]} f5 {[%clk 0:45:30]} 27. e3
{[%clk 0:35:57]} Kd7 {[%clk 0:44:23]} 28. Rc4 {[%clk 0:34:37]} Ke7
{[%clk 0:43:37]} 29. h3 {[%clk 0:20:52]} h5 {[%clk 0:42:13]} 30. Rc2
{[%clk 0:18:06]} Kf6 {[%clk 0:42:35]} 31. f4 {[%clk 0:18:13]} Rbxc5
{[%clk 0:38:42]} 32. Rxc5 {[%clk 0:18:37]} Rxc5 {[%clk 0:39:11]} 33. Rxa7
{[%clk 0:18:59]} Rc2+ {[%clk 0:39:37]} 34. Kf1 {[%clk 0:15:40]} h4
{[%clk 0:37:24]} 35. gxh4 {[%clk 0:14:00]} Rh2 {[%clk 0:37:51]} 36. a4
{[%clk 0:13:00]} Rxh3 {[%clk 0:38:18]} 37. Ke2 {[%clk 0:13:04]} Rxh4
{[%clk 0:38:34]} 38. a5 {[%clk 0:12:28]} e5 {[%clk 0:36:22]} 39. Ra6+
{[%clk 0:11:09]} Ke7 {[%clk 0:36:48]} 40. fxe5 {[%clk 0:40:51]} Re4
{[%clk 1:07:17]} 41. Kd3 {[%clk 0:36:04]} Rxe5 {[%clk 1:07:41]} 42. Ra8
{[%clk 0:35:59]} Re4 {[%clk 1:07:50]} 43. a6 {[%clk 0:35:40]} Ra4
{[%clk 1:08:14]} 44. Kc3 {[%clk 0:35:00]} f4 {[%clk 0:59:14]} 45. exf4
{[%clk 0:35:00]} Rxf4 {[%clk 0:56:21]} 46. Kb3 {[%clk 0:34:16]} Rf1
{[%clk 0:56:47]} 47. Kb4 {[%clk 0:31:03]} Ra1 {[%clk 0:57:13]} 48. Kc5
{[%clk 0:27:10]} Kd7 {[%clk 0:57:36]} 49. Kb6 {[%clk 0:26:45]} Rb1+
{[%clk 0:58:01]} 50. Ka7 {[%clk 0:27:11]} Kc7 {[%clk 0:58:29]} 51. Rf8
{[%clk 0:21:39]} Rb2 {[%clk 0:58:52]} 52. Rxf7+ {[%clk 0:21:40]} Kc8
{[%clk 0:59:19]} 53. Rf4 {[%clk 0:17:55]} Kc7 {[%clk 0:59:44]} 54. Rc4+
{[%clk 0:18:19]} Kd7 {[%clk 1:00:13]} 55. Rc3 {[%clk 0:18:23]} Rb1
{[%clk 1:00:41]} 56. Rh3 {[%clk 0:16:51]} Kc7 {[%clk 1:00:55]} 57. Rh7+
{[%clk 0:17:14]} Kc8 {[%clk 1:01:22]} 58. Rb7 {[%clk 0:17:26]} Rc1
{[%clk 1:01:50]} 59. Rb2 {[%clk 0:17:10]} Kc7 {[%clk 1:02:19]} 60. Rb3
{[%clk 0:17:31]} Rc2 {[%clk 1:02:44]} 61. Ka8 {[%clk 0:16:35]} Rc1
{[%clk 1:03:09]} 62. a7 {[%clk 0:16:48]} Kc8 {[%clk 1:03:32]} 63. Rb8+
{[%clk 0:17:12]} Kc7 {[%clk 1:03:58]} 64. Rb7+ {[%clk 0:17:36]} Kc8
{[%clk 1:04:27]} 65. Rh7 {[%clk 0:17:48]} Rb1 {[%clk 1:04:53]} 66. Rh3
{[%clk 0:18:05]} Kc7 {[%clk 1:05:19]} 67. Rc3+ {[%clk 0:18:31]} Kd7
{[%clk 1:05:46]} 68. Rc4 {[%clk 0:18:40]} Kd8 {[%clk 1:06:11]} 69. Rd4+
{[%clk 0:18:56]} Kc7 {[%clk 1:06:40]} 70. Rc4+ {[%clk 0:19:19]} Kd8
{[%clk 1:07:07]} 71. Rh4 {[%clk 0:19:45]} Kc7 {[%clk 1:07:34]} 72. Rh8
{[%clk 0:20:12]} Rb2 {[%clk 1:08:00]} 73. Rb8 {[%clk 0:20:38]} Rc2
{[%clk 1:08:24]} 74. Rb7+ {[%clk 0:21:03]} Kc8 {[%clk 1:08:51]} 75. Rb8+
{[%clk 0:21:27]} Kc7 {[%clk 1:09:18]} 76. Rb7+ {[%clk 0:21:52]} Kc8
{[%clk 1:09:45]} 77. Rb8+ {[%clk 0:22:17]} 1/2-1/2

[Event "WYCC Open U16"]
[Site "Porto Carras"]
[Date "2015.10.31"]
[Round "6.1"]
[White "Santos Ruiz, Miguel"]
[Black "Fawzy, Adham"]
[Result "0-1"]
[BlackElo "2483"]
[WhiteElo "2431"]
[LiveChessVersion "1.4.6"]

1. e4 {[%clk 1:30:58]} c5 {[%clk 1:30:48]} 2. Nf3 {[%clk 1:31:23]} e6
{[%clk 1:31:04]} 3. d4 {[%clk 1:31:46]} cxd4 {[%clk 1:31:28]} 4. Nxd4
{[%clk 1:32:13]} Nf6 {[%clk 1:31:44]} 5. Nc3 {[%clk 1:32:39]} d6 {[%clk 1:32:03]}
6. g4 {[%clk 1:32:37]} h6 {[%clk 1:32:17]} 7. g5 {[%clk 1:33:04]} hxg5
{[%clk 1:32:30]} 8. Bxg5 {[%clk 1:33:30]} Be7 {[%clk 1:31:13]} 9. Qd2
{[%clk 1:32:01]} a6 {[%clk 1:29:06]} 10. O-O-O {[%clk 1:25:30]} b5
{[%clk 1:28:25]} 11. a3 {[%clk 1:15:03]} Bb7 {[%clk 1:28:36]} 12. Bg2
{[%clk 1:09:27]} Nbd7 {[%clk 1:26:55]} 13. f4 {[%clk 1:07:18]} Qb6
{[%clk 1:12:50]} 14. h4 {[%clk 0:52:23]} Rc8 {[%clk 1:00:39]} 15. Rhe1
{[%clk 0:45:45]} Rc4 {[%clk 0:50:38]} 16. Bf1 {[%clk 0:34:54]} Rc5
{[%clk 0:48:41]} 17. b4 {[%clk 0:30:19]} Rc8 {[%clk 0:35:41]} 18. e5
{[%clk 0:29:09]} Qc7 {[%clk 0:28:06]} 19. Ncxb5 {[%clk 0:22:42]} axb5
{[%clk 0:26:07]} 20. Nxb5 {[%clk 0:20:45]} Qb6 {[%clk 0:20:09]} 21. exf6
{[%clk 0:10:55]} gxf6 {[%clk 0:20:22]} 22. Nxd6+ {[%clk 0:11:09]} Qxd6
{[%clk 0:17:05]} 23. Qxd6 {[%clk 0:11:36]} Bxd6 {[%clk 0:17:33]} 24. Rxd6
{[%clk 0:11:59]} fxg5 {[%clk 0:17:05]} 25. Bb5 {[%clk 0:12:07]} Rc7
{[%clk 0:17:35]} 26. Red1 {[%clk 0:09:24]} Bc8 {[%clk 0:17:44]} 27. hxg5
{[%clk 0:09:32]} Ke7 {[%clk 0:16:44]} 28. c4 {[%clk 0:07:11]} Rh4
{[%clk 0:15:59]} 29. R6d4 {[%clk 0:05:54]} Nb6 {[%clk 0:12:03]} 30. c5
{[%clk 0:03:57]} Rg4 {[%clk 0:06:50]} 31. Be2 {[%clk 0:00:36]} Rg2
{[%clk 0:06:12]} 32. R1d2 {[%clk 0:01:05]} Bb7 {[%clk 0:02:03]} 33. Rc2
{[%clk 0:00:58]} Nd5 {[%clk 0:02:17]} 34. Bc4 {[%clk 0:00:36]} Rg1+
{[%clk 0:01:37]} 35. Kb2 {[%clk 0:00:47]} Ne3 {[%clk 0:01:37]} 36. Rcd2
{[%clk 0:00:49]} Nf5 {[%clk 0:00:56]} 37. R4d3 {[%clk 0:00:40]} Be4
{[%clk 0:00:40]} 38. Rc3 {[%clk 0:00:39]} Ng3 {[%clk 0:00:32]} 39. Bb3
{[%clk 0:00:39]} Bc6 {[%clk 0:00:33]} 40. Rdc2 {[%clk 0:30:34]} Ne4
{[%clk 0:30:33]} 41. Re3 {[%clk 0:28:18]} Ba8 {[%clk 0:24:12]} 42. Rce2
{[%clk 0:25:24]} Ng3 {[%clk 0:21:44]} 43. Re1 {[%clk 0:23:59]} Rg2+
{[%clk 0:21:34]} 44. Kc3 {[%clk 0:24:01]} Nf5 {[%clk 0:20:53]} 45. R3e2
{[%clk 0:14:40]} Rg3+ {[%clk 0:20:54]} 46. Kb2 {[%clk 0:15:06]} Nd4
{[%clk 0:16:47]} 47. Re3 {[%clk 0:15:26]} Rg2+ {[%clk 0:17:15]} 48. Kb1
{[%clk 0:15:16]} Nxb3 {[%clk 0:16:26]} 49. Rxb3 {[%clk 0:15:37]} Rf2
{[%clk 0:13:48]} 50. Rc1 {[%clk 0:13:05]} Be4+ {[%clk 0:11:05]} 51. Ka1
{[%clk 0:13:22]} Bd5 {[%clk 0:09:08]} 52. Rbc3 {[%clk 0:13:11]} Bc6
{[%clk 0:04:39]} 53. Rc4 {[%clk 0:12:49]} Ra7 {[%clk 0:04:11]} 54. R1c3
{[%clk 0:13:05]} Bd5 {[%clk 0:04:14]} 55. Rd4 {[%clk 0:11:57]} Ra2+
{[%clk 0:04:04]} 56. Kb1 {[%clk 0:12:25]} R2xa3 {[%clk 0:04:16]} 57. Rxa3
{[%clk 0:12:34]} Rxa3 {[%clk 0:04:44]} 58. Kb2 {[%clk 0:12:55]} Rf3
{[%clk 0:02:57]} 59. Kc2 {[%clk 0:13:17]} Bc6 {[%clk 0:03:04]} 60. Rd6
{[%clk 0:12:25]} Ba4+ {[%clk 0:03:32]} 61. Kd2 {[%clk 0:12:10]} Rxf4
{[%clk 0:03:36]} 62. Rb6 {[%clk 0:12:37]} Rg4 {[%clk 0:02:19]} 63. Rb7+
{[%clk 0:12:49]} Ke8 {[%clk 0:02:03]} 64. Rb8+ {[%clk 0:09:16]} Ke7
{[%clk 0:01:32]} 65. Rb7+ {[%clk 0:09:41]} Kf8 {[%clk 0:01:26]} 66. Rb8+
{[%clk 0:08:56]} Kg7 {[%clk 0:01:35]} 67. Kc3 {[%clk 0:09:03]} Rxg5
{[%clk 0:01:55]} 68. Kd4 {[%clk 0:09:27]} Rd5+ {[%clk 0:00:40]} 69. Kc4
{[%clk 0:09:54]} Rd1 {[%clk 0:00:37]} 70. b5 {[%clk 0:10:01]} Rc1+
{[%clk 0:00:52]} 71. Kb4 {[%clk 0:10:14]} Bd1 {[%clk 0:01:12]} 72. c6
{[%clk 0:09:35]} Bf3 {[%clk 0:01:03]} 73. Rc8 {[%clk 0:09:58]} Bd5
{[%clk 0:00:52]} 74. Ka5 {[%clk 0:10:10]} f5 {[%clk 0:01:21]} 75. Kb6
{[%clk 0:05:36]} f4 {[%clk 0:01:31]} 76. Rc7+ {[%clk 0:06:04]} Kg6
{[%clk 0:01:18]} 77. Rc8 {[%clk 0:06:27]} e5 {[%clk 0:00:42]} 78. Rf8
{[%clk 0:05:37]} Bf7 {[%clk 0:01:10]} 79. c7 {[%clk 0:03:15]} f3 {[%clk 0:01:39]}
80. Rd8 {[%clk 0:03:42]} f2 {[%clk 0:01:29]} 81. Rd6+ {[%clk 0:04:06]} Kg5
{[%clk 0:01:26]} 82. Rd1 {[%clk 0:03:30]} Rxd1 {[%clk 0:01:30]} 83. c8=Q
{[%clk 0:03:55]} f1=Q {[%clk 0:01:48]} 0-1

[Event "WYCC Open U16"]
[Site "Porto Carras"]
[Date "2015.10.31"]
[Round "6.2"]
[White "Lorparizangeneh, Shahin"]
[Black "Wheeler, Cameron"]
[Result "1-0"]
[BlackElo "2356"]
[WhiteElo "2440"]
[LiveChessVersion "1.4.6"]

1. d4 {[%clk 1:30:33]} d5 {[%clk 1:30:48]} 2. c4 {[%clk 1:30:59]} c6
{[%clk 1:31:05]} 3. Nf3 {[%clk 1:31:19]} Nf6 {[%clk 1:31:19]} 4. g3
{[%clk 1:31:37]} g6 {[%clk 1:30:05]} 5. Bg2 {[%clk 1:31:50]} Bg7 {[%clk 1:30:24]}
6. O-O {[%clk 1:32:03]} O-O {[%clk 1:30:31]} 7. Qb3 {[%clk 1:31:11]} dxc4 8. Qxc4
{[%clk 1:31:28]} Na6 {[%clk 1:22:50]} 9. Nc3 {[%clk 1:25:56]} Be6
{[%clk 1:20:52]} 10. Qa4 {[%clk 1:22:44]} Bf5 {[%clk 1:10:31]} 11. Ne5
{[%clk 1:16:27]} Qb6 {[%clk 1:05:07]} 12. e4 {[%clk 1:01:42]} Be6
{[%clk 1:04:50]} 13. Nd3 {[%clk 0:57:06]} Rfd8 {[%clk 1:01:11]} 14. Ne2
{[%clk 0:55:58]} c5 {[%clk 0:56:12]} 15. Bd2 {[%clk 0:53:01]} Qc6
{[%clk 0:32:33]} 16. Qxc6 {[%clk 0:43:03]} bxc6 {[%clk 0:33:01]} 17. Rfc1
{[%clk 0:32:45]} Rab8 {[%clk 0:31:35]} 18. Ba5 {[%clk 0:25:38]} Rdc8
{[%clk 0:28:47]} 19. Nef4 {[%clk 0:23:50]} Bd7 {[%clk 0:28:12]} 20. e5
{[%clk 0:22:21]} Ne8 {[%clk 0:27:55]} 21. Nxc5 {[%clk 0:17:51]} Nxc5
{[%clk 0:28:12]} 22. Rxc5 {[%clk 0:18:18]} Rxb2 {[%clk 0:28:15]} 23. Nd3
{[%clk 0:18:14]} Rb5 {[%clk 0:26:32]} 24. Rac1 {[%clk 0:18:00]} e6
{[%clk 0:25:44]} 25. Rxb5 {[%clk 0:17:54]} cxb5 {[%clk 0:26:11]} 26. Rxc8
{[%clk 0:18:19]} Bxc8 {[%clk 0:26:12]} 27. Bc6 {[%clk 0:18:44]} Nf6
{[%clk 0:24:05]} 28. exf6 {[%clk 0:19:09]} Bxf6 {[%clk 0:24:31]} 29. Ne5
{[%clk 0:19:17]} a6 {[%clk 0:24:56]} 30. f4 {[%clk 0:19:28]} g5 {[%clk 0:25:08]}
31. Kf2 {[%clk 0:19:03]} 1-0

[Event "WYCC Open U16"]
[Site "Porto Carras"]
[Date "2015.10.31"]
[Round "6.3"]
[White "Rambaldi, Francesco"]
[Black "Mesaros, Florian"]
[Result "1/2-1/2"]
[BlackElo "2379"]
[WhiteElo "2547"]
[LiveChessVersion "1.4.6"]

1. d4 {[%clk 1:30:59]} Nf6 {[%clk 1:30:49]} 2. Bg5 {[%clk 1:31:22]} d5
{[%clk 1:30:15]} 3. e3 {[%clk 1:31:31]} g6 {[%clk 1:29:10]} 4. Bxf6
{[%clk 1:29:39]} exf6 {[%clk 1:29:34]} 5. c4 {[%clk 1:29:47]} dxc4
{[%clk 1:29:14]} 6. Bxc4 {[%clk 1:30:10]} Bg7 {[%clk 1:29:10]} 7. Nc3
{[%clk 1:30:09]} O-O {[%clk 1:28:44]} 8. Nge2 {[%clk 1:28:20]} Nd7
{[%clk 1:22:35]} 9. O-O {[%clk 1:26:16]} c5 {[%clk 1:17:36]} 10. Qb3
{[%clk 1:23:25]} f5 {[%clk 1:02:46]} 11. Rfd1 {[%clk 1:13:21]} Qa5
{[%clk 0:57:55]} 12. Nd5 {[%clk 1:03:44]} cxd4 {[%clk 0:51:31]} 13. Nxd4
{[%clk 1:02:00]} Ne5 {[%clk 0:49:14]} 14. Bb5 {[%clk 0:39:11]} Rd8
{[%clk 0:40:43]} 15. Nf4 {[%clk 0:38:46]} Bd7 {[%clk 0:39:01]} 16. Rac1
{[%clk 0:33:20]} Bxb5 {[%clk 0:36:17]} 17. Nxb5 {[%clk 0:33:48]} Rxd1+
{[%clk 0:31:03]} 18. Rxd1 {[%clk 0:34:17]} Rd8 {[%clk 0:29:09]} 19. Nd5
{[%clk 0:34:33]} Kh8 {[%clk 0:19:36]} 20. Nbc3 {[%clk 0:34:01]} Rd7
{[%clk 0:19:18]} 21. h3 {[%clk 0:32:09]} Qd8 {[%clk 0:17:45]} 22. Na4
{[%clk 0:30:06]} b6 {[%clk 0:14:06]} 23. Qb5 {[%clk 0:28:42]} Rd6
{[%clk 0:12:36]} 24. Nac3 {[%clk 0:28:49]} Nd7 {[%clk 0:10:18]} 25. Rc1
{[%clk 0:26:20]} Nc5 {[%clk 0:09:32]} 26. Qc4 {[%clk 0:21:23]} h5
{[%clk 0:08:09]} 27. b4 {[%clk 0:20:23]} Ne6 {[%clk 0:07:03]} 28. h4
{[%clk 0:17:19]} Kh7 {[%clk 0:06:28]} 29. g3 {[%clk 0:17:36]} Qd7
{[%clk 0:06:45]} 30. b5 {[%clk 0:13:57]} Nc5 {[%clk 0:05:57]} 31. Nf4
{[%clk 0:08:52]} 1/2-1/2

[Event "WYCC Open U16"]
[Site "Porto Carras"]
[Date "2015.10.31"]
[Round "6.4"]
[White "Nikitenko, Mihail"]
[Black "Moroni, Luca Jr"]
[Result "0-1"]
[BlackElo "2460"]
[WhiteElo "2393"]
[LiveChessVersion "1.4.6"]

1. e4 {[%clk 1:30:57]} e6 {[%clk 1:30:57]} 2. d4 {[%clk 1:31:18]} d5
{[%clk 1:31:24]} 3. Nd2 {[%clk 1:31:39]} c5 {[%clk 1:31:52]} 4. exd5
{[%clk 1:31:56]} Qxd5 {[%clk 1:32:19]} 5. Ngf3 {[%clk 1:32:02]} cxd4
{[%clk 1:32:45]} 6. Bc4 {[%clk 1:32:19]} Qd8 {[%clk 1:33:13]} 7. O-O
{[%clk 1:31:54]} Nc6 {[%clk 1:33:37]} 8. Nb3 {[%clk 1:32:18]} a6 {[%clk 1:34:05]}
9. Nbxd4 {[%clk 1:32:34]} Nxd4 {[%clk 1:34:31]} 10. Nxd4 {[%clk 1:32:59]} Qc7
{[%clk 1:34:58]} 11. Bb3 {[%clk 1:33:22]} Bd6 {[%clk 1:33:04]} 12. Kh1
{[%clk 1:33:34]} Ne7 {[%clk 1:30:42]} 13. Ba4+ {[%clk 1:14:37]} Bd7
{[%clk 1:27:00]} 14. Bxd7+ {[%clk 1:15:00]} Qxd7 {[%clk 1:27:27]} 15. Qe2
{[%clk 1:15:20]} O-O {[%clk 1:21:31]} 16. Nf3 {[%clk 1:14:22]} Qc7
{[%clk 1:18:27]} 17. c4 {[%clk 1:11:31]} Ng6 {[%clk 1:13:18]} 18. Be3
{[%clk 1:09:35]} Rfd8 {[%clk 1:02:38]} 19. c5 {[%clk 1:08:40]} Be7
{[%clk 1:02:19]} 20. Rac1 {[%clk 1:08:52]} Bf6 {[%clk 0:57:00]} 21. b4
{[%clk 1:08:20]} Qc6 {[%clk 0:53:05]} 22. Qc4 {[%clk 1:04:46]} Rd5
{[%clk 0:47:45]} 23. Bd4 {[%clk 0:56:56]} Rad8 {[%clk 0:36:10]} 24. Bxf6
{[%clk 0:55:44]} gxf6 {[%clk 0:36:38]} 25. Rfe1 {[%clk 0:54:33]} Kg7
{[%clk 0:35:41]} 26. h4 {[%clk 0:50:26]} h5 {[%clk 0:32:38]} 27. Qe4
{[%clk 0:43:51]} Rd3 {[%clk 0:28:47]} 28. a4 {[%clk 0:41:46]} R8d5
{[%clk 0:27:11]} 29. Ra1 {[%clk 0:34:23]} a5 {[%clk 0:19:38]} 30. Rab1
{[%clk 0:32:27]} axb4 {[%clk 0:14:53]} 31. Qxb4 {[%clk 0:31:32]} Rd7
{[%clk 0:15:12]} 32. Qe4 {[%clk 0:26:41]} Qxc5 {[%clk 0:13:13]} 33. Rxb7
{[%clk 0:26:36]} Rxb7 {[%clk 0:11:05]} 34. Qxd3 {[%clk 0:26:58]} Qxf2
{[%clk 0:10:53]} 35. Qe3 {[%clk 0:24:29]} Qg3 {[%clk 0:10:24]} 36. Qd4
{[%clk 0:19:03]} e5 {[%clk 0:08:09]} 37. Qe4 {[%clk 0:12:00]} Nf4
{[%clk 0:07:16]} 38. Rg1 {[%clk 0:11:55]} Rb2 {[%clk 0:07:10]} 39. Qe1
{[%clk 0:11:02]} Qg6 {[%clk 0:02:53]} 40. a5 {[%clk 0:33:02]} Nd3
{[%clk 0:30:53]} 41. Qc3 {[%clk 0:30:01]} Ra2 {[%clk 0:29:30]} 42. Kh2
{[%clk 0:28:25]} Qe4 {[%clk 0:28:58]} 43. Qb3 {[%clk 0:28:12]} Qf4+
{[%clk 0:29:22]} 0-1

[Event "WYCC Open U16"]
[Site "Porto Carras"]
[Date "2015.10.31"]
[Round "6.5"]
[White "Shtembuliak, Evgeny"]
[Black "Morozov, Nichita"]
[Result "1-0"]
[BlackElo "2281"]
[WhiteElo "2416"]
[LiveChessVersion "1.4.6"]

1. Nf3 {[%clk 1:30:57]} Nf6 {[%clk 1:30:48]} 2. g3 {[%clk 1:31:19]} d5
{[%clk 1:31:07]} 3. Bg2 {[%clk 1:31:44]} e6 {[%clk 1:31:33]} 4. O-O
{[%clk 1:32:08]} Be7 {[%clk 1:31:59]} 5. d3 {[%clk 1:32:12]} O-O {[%clk 1:31:46]}
6. Nbd2 {[%clk 1:32:37]} c5 {[%clk 1:31:24]} 7. e4 {[%clk 1:32:56]} Nc6
{[%clk 1:30:49]} 8. Re1 {[%clk 1:32:32]} Qc7 {[%clk 1:28:33]} 9. e5
{[%clk 1:31:18]} Nd7 {[%clk 1:25:49]} 10. Qe2 {[%clk 1:31:36]} f6
{[%clk 1:20:53]} 11. exf6 {[%clk 1:30:40]} Nxf6 {[%clk 1:21:20]} 12. c4
{[%clk 1:24:10]} Bd7 {[%clk 1:06:42]} 13. Nb3 {[%clk 1:03:24]} Bd6
{[%clk 0:57:09]} 14. Be3 {[%clk 1:01:07]} Ne7 {[%clk 0:42:40]} 15. Rac1
{[%clk 0:55:27]} d4 {[%clk 0:38:52]} 16. Bg5 {[%clk 0:55:18]} Ng6
{[%clk 0:36:04]} 17. Nbd2 {[%clk 0:52:33]} Rf7 {[%clk 0:36:08]} 18. b4
{[%clk 0:51:17]} Raf8 {[%clk 0:34:40]} 19. bxc5 {[%clk 0:46:31]} Bxc5
{[%clk 0:35:07]} 20. Nb3 {[%clk 0:38:27]} h6 {[%clk 0:32:18]} 21. Bxf6
{[%clk 0:24:40]} Rxf6 {[%clk 0:32:43]} 22. Rf1 {[%clk 0:24:59]} Ba3
{[%clk 0:26:55]} 23. Rce1 {[%clk 0:23:18]} Bb4 {[%clk 0:22:07]} 24. Rb1
{[%clk 0:22:22]} e5 {[%clk 0:21:41]} 25. Nfd2 {[%clk 0:21:20]} Bxd2
{[%clk 0:21:16]} 26. Nxd2 {[%clk 0:21:47]} Bc6 {[%clk 0:21:39]} 27. Bxc6
{[%clk 0:21:18]} Qxc6 {[%clk 0:19:23]} 28. Qe4 {[%clk 0:21:31]} Qa4
{[%clk 0:15:37]} 29. Qd5+ {[%clk 0:06:21]} Kh7 {[%clk 0:12:15]} 30. Ne4
{[%clk 0:04:50]} Rb6 {[%clk 0:08:59]} 31. c5 {[%clk 0:02:00]} Rxb1
{[%clk 0:07:31]} 32. Rxb1 {[%clk 0:02:29]} Qc2 {[%clk 0:07:54]} 33. Qb3
{[%clk 0:01:59]} Qe2 {[%clk 0:08:19]} 34. Qd1 {[%clk 0:00:55]} Qxa2
{[%clk 0:08:29]} 35. Rxb7 {[%clk 0:01:14]} Rf7 {[%clk 0:07:44]} 36. Rb8
{[%clk 0:00:49]} Rf8 {[%clk 0:06:34]} 37. Rb7 {[%clk 0:01:03]} Rf7
{[%clk 0:07:01]} 38. c6 {[%clk 0:01:10]} Qd5 {[%clk 0:04:33]} 39. Rb8
{[%clk 0:01:07]} Nf8 {[%clk 0:04:48]} 40. Qh5 {[%clk 0:30:32]} g6
{[%clk 0:30:46]} 41. Ng5+ {[%clk 0:28:15]} Kg7 {[%clk 0:29:58]} 42. Nxf7
{[%clk 0:28:39]} gxh5 {[%clk 0:30:26]} 43. c7 {[%clk 0:29:04]} Nd7
{[%clk 0:30:33]} 44. Rd8 {[%clk 0:29:24]} Qxf7 {[%clk 0:27:18]} 45. c8=Q
{[%clk 0:29:48]} Nf6 {[%clk 0:27:41]} 46. Rd6 {[%clk 0:27:23]} Qa2
{[%clk 0:15:37]} 47. Qb7+ {[%clk 0:25:33]} Kg6 {[%clk 0:15:33]} 48. Qe7
{[%clk 0:24:37]} 1-0

[Event "WYCC Open U16"]
[Site "Porto Carras"]
[Date "2015.10.31"]
[Round "6.6"]
[White "Sarana, Alexey"]
[Black "Agmanov, Zhandos"]
[Result "1/2-1/2"]
[BlackElo "2167"]
[WhiteElo "2413"]
[LiveChessVersion "1.4.6"]

1. Nf3 {[%clk 1:30:55]} Nf6 {[%clk 1:30:44]} 2. c4 {[%clk 1:31:20]} e6
{[%clk 1:30:37]} 3. d4 {[%clk 1:31:35]} d5 {[%clk 1:30:50]} 4. Nc3
{[%clk 1:31:52]} Bb4 {[%clk 1:30:50]} 5. Bg5 {[%clk 1:31:59]} h6 {[%clk 1:30:25]}
6. Bxf6 {[%clk 1:32:21]} Qxf6 {[%clk 1:30:44]} 7. e3 {[%clk 1:32:48]} O-O
{[%clk 1:25:29]} 8. Rc1 {[%clk 1:33:12]} Bxc3+ {[%clk 1:00:57]} 9. Rxc3
{[%clk 1:33:39]} c6 {[%clk 1:00:15]} 10. Bd3 {[%clk 1:29:35]} Nd7
{[%clk 0:59:38]} 11. cxd5 {[%clk 1:20:53]} exd5 {[%clk 0:53:01]} 12. b4
{[%clk 1:13:57]} a5 {[%clk 0:37:24]} 13. a3 {[%clk 1:14:02]} axb4
{[%clk 0:32:22]} 14. axb4 {[%clk 1:14:30]} Qd6 {[%clk 0:32:32]} 15. Qb3
{[%clk 1:14:02]} b5 {[%clk 0:29:34]} 16. O-O {[%clk 1:13:57]} Ra4
{[%clk 0:29:45]} 17. Rb1 {[%clk 1:12:21]} Bb7 {[%clk 0:29:51]} 18. Bc2
{[%clk 1:06:56]} Rfa8 {[%clk 0:28:26]} 19. Qb2 {[%clk 1:05:45]} Ra2
{[%clk 0:28:10]} 20. Qc1 {[%clk 1:06:12]} Nb6 {[%clk 0:26:04]} 21. Ne5
{[%clk 1:06:06]} Nc4 {[%clk 0:25:42]} 22. Nd3 {[%clk 1:04:39]} Na3
{[%clk 0:19:48]} 23. Rbb3 {[%clk 0:59:47]} Nc4 {[%clk 0:19:18]} 24. Rb1
{[%clk 0:53:09]} Na3 {[%clk 0:17:51]} 25. Rb2 {[%clk 0:53:11]} Rxb2
{[%clk 0:17:34]} 26. Qxb2 {[%clk 0:53:39]} Nc4 {[%clk 0:17:38]} 27. Qb1
{[%clk 0:52:10]} Bc8 {[%clk 0:16:51]} 28. Nc5 {[%clk 0:52:28]} Qf6
{[%clk 0:16:45]} 29. Bh7+ {[%clk 0:48:21]} Kh8 {[%clk 0:16:50]} 30. Bd3
{[%clk 0:48:26]} Bf5 {[%clk 0:17:00]} 31. h3 {[%clk 0:42:32]} Bxd3
{[%clk 0:15:24]} 32. Rxd3 {[%clk 0:41:45]} Qf5 {[%clk 0:14:52]} 33. Rd1
{[%clk 0:37:46]} 1/2-1/2

[Event "WYCC Open U16"]
[Site "Porto Carras"]
[Date "2015.10.31"]
[Round "6.7"]
[White "Kantor, Gergely"]
[Black "Der Manuelian, Haik O"]
[Result "1-0"]
[BlackElo "2163"]
[WhiteElo "2403"]
[LiveChessVersion "1.4.6"]

1. d4 {[%clk 1:30:57]} d5 {[%clk 1:30:46]} 2. c4 {[%clk 1:31:22]} e6
{[%clk 1:31:13]} 3. Nf3 {[%clk 1:31:35]} Nf6 {[%clk 1:31:38]} 4. g3
{[%clk 1:31:56]} dxc4 {[%clk 1:32:03]} 5. Bg2 {[%clk 1:32:02]} Nc6
{[%clk 1:31:46]} 6. Qa4 {[%clk 1:31:44]} Bb4+ {[%clk 1:31:49]} 7. Bd2
{[%clk 1:31:37]} Nd5 {[%clk 1:32:11]} 8. Qb5 {[%clk 1:30:22]} Bxd2+
{[%clk 1:31:53]} 9. Nbxd2 {[%clk 1:30:02]} c3 {[%clk 1:30:50]} 10. bxc3
{[%clk 1:29:42]} Nxc3 {[%clk 1:31:10]} 11. Qb2 {[%clk 1:29:03]} Na4
{[%clk 1:28:30]} 12. Qc2 {[%clk 1:26:20]} Nb6 {[%clk 1:28:45]} 13. Nb3
{[%clk 1:21:17]} O-O {[%clk 1:23:08]} 14. O-O {[%clk 1:18:08]} Qe7
{[%clk 1:19:34]} 15. Rfc1 {[%clk 1:05:52]} a5 {[%clk 1:10:17]} 16. e3
{[%clk 0:56:25]} Bd7 {[%clk 1:08:15]} 17. a3 {[%clk 0:47:55]} Nd5
{[%clk 1:03:34]} 18. Nc5 {[%clk 0:44:55]} Rfb8 {[%clk 0:51:22]} 19. e4
{[%clk 0:35:47]} Nf6 {[%clk 0:50:08]} 20. Re1 {[%clk 0:15:25]} e5
{[%clk 0:44:09]} 21. d5 {[%clk 0:13:28]} Na7 {[%clk 0:41:43]} 22. Nd3
{[%clk 0:08:53]} Nb5 {[%clk 0:38:34]} 23. Nfxe5 {[%clk 0:07:45]} Nxa3
{[%clk 0:37:41]} 24. Qb2 {[%clk 0:05:34]} Nb5 {[%clk 0:35:59]} 25. Nxd7
{[%clk 0:05:32]} Qxd7 {[%clk 0:36:20]} 26. Nc5 {[%clk 0:05:28]} Qe8
{[%clk 0:36:28]} 27. e5 {[%clk 0:05:48]} Nh5 {[%clk 0:35:52]} 28. Bf3
{[%clk 0:05:09]} g6 {[%clk 0:35:59]} 29. Bxh5 {[%clk 0:05:23]} gxh5
{[%clk 0:36:20]} 30. Ne4 {[%clk 0:05:20]} Ra6 {[%clk 0:36:24]} 31. Nf6+
{[%clk 0:03:21]} Rxf6 {[%clk 0:36:49]} 32. exf6 {[%clk 0:03:48]} Qd7
{[%clk 0:37:19]} 33. Re7 {[%clk 0:03:38]} Qxd5 {[%clk 0:37:47]} 34. Re5
{[%clk 0:03:58]} Qd4 {[%clk 0:37:48]} 35. Rxb5 {[%clk 0:04:14]} Qxb2
{[%clk 0:38:09]} 36. Rxb2 {[%clk 0:04:42]} b6 37. Rxa5 {[%clk 0:05:05]} 1-0